书目信息 |
| 题名: |
计算机辅助教学
|
|
| 作者: | 刘甘娜 编 | |
| 分册: | ||
| 出版信息: | 北京 高等教育出版社 1988.2 |
|
| 页数: | 132页 | |
| 开本: | 26cm | |
| 丛书名: | ||
| 单 册: | ||
| 中图分类: | G434 | |
| 科图分类: | ||
| 主题词: | 计算机辅助教学--高等学校--教材 | |
| 电子资源: | ||
| ISBN: | 7-04-000265-5 | |
| 000 | 00681nam0 2200241 45 | |
| 001 | 0188004516 | |
| 005 | 20060413090818.50 | |
| 010 | @a7-04-000265-5@dCNY1.70 | |
| 020 | @aCN@b88004516 | |
| 100 | @a19910411d1988 m y0chiy0120 ea | |
| 101 | 0 | @achi |
| 102 | @aCN@b110000 | |
| 105 | @ay j 000yy | |
| 200 | 10 | @a计算机辅助教学@Aji suan ji fu zhu jiao xue@f刘甘娜编@Fliu gan na bian |
| 210 | @a北京@c高等教育出版社@d1988.2 | |
| 215 | @a132页@d26cm | |
| 300 | @a高等学校试用教材 | |
| 540 | 1 | @a计算机@Aji suan ji |
| 606 | @a计算机辅助教学@x高等学校@x教材 | |
| 690 | @aG434 | |
| 701 | 0 | @a刘甘娜@Aliu gan na@4编 |
| 801 | 0 | @aCN@bNLC@c20060413 |
| 905 | @f1@b210750@dG434@e10 | |
| 计算机辅助教学/刘甘娜编.-北京:高等教育出版社,1988.2 |
| 132页;26cm |
| 高等学校试用教材 |
| ISBN 7-04-000265-5:CNY1.70 |
| ● |
| 相关链接 |
|
|
|
|
正题名:计算机辅助教学
索取号:G434/10
 
预约/预借
| 序号 | 登录号 | 条形码 | 馆藏地/架位号 | 状态 | 备注 |
| 1 | 0210750 | 000458720 | 密集书库/ [索取号:G434/10] | 在馆 | |
| 2 | 0210751 | 202257887 | 密集书库/ [索取号:G434/10] | 在馆 | |
| 3 | 0210752 | 000458766 | 第一样本阅览室/ [索取号:G434/10] | 在馆 |